000 00556nam a22001697a 4500
005 20251108172036.0
008 250721s1987 xx 000 0 ara d
082 1 4 _a350/سيد
100 1 _aعليوة، السيد
245 1 0 _aصنع القرار السياسي في منظمات الإدارة العامة /
264 1 _aالقاهرة :
_bالهيئة المصرية العامة للكتاب،
_c1987.
300 _a422ص
490 0 _aالألف كتاب ؛ 35
650 1 7 _aالإدارة العامة
942 _2ddc
_cBK
999 _c68987
_d68987